| Поле | Название | Значение |
| |
Тип записи |
a |
| |
Библиографический уровень |
m |
| 001 |
Контрольный номер |
RU\NLR\bibl\1873483 |
| 005 |
Дата корректировки |
20240410121220.2 |
| 010 |
Индекс ISBN |
__ |
| a |
ISBN |
978-5-353-05746-8 (в пер.) |
| d |
Цена |
82-60 |
| 021 |
№ государственной регистрации |
__ |
| b |
№ документа |
2012-8439 |
| b |
№ документа |
626 |
| 100 |
Данные общей обработки |
__ |
| a |
Данные общей обработки |
19120220d2012 |||y0rusy0189 ca |
| 101 |
Язык документа |
0_ |
| a |
Язык текста |
rus |
| 102 |
Страна публикации |
__ |
| a |
Страна публикации |
RU |
| 105 |
Кодированные данные (монография) |
__ |
| a |
Кодированные данные (монография) |
a |||||||zy |
| 200 |
Заглавие и сведения об ответственности |
1_ |
| a |
Заглавие |
Танки |
| e |
Сведения, относящиеся к заглавию |
[для младшего и среднего школьного возраста : 6+] |
| f |
Первые сведения об ответственности |
[Бакурский Виктор Александрович ; художники: М. О. Дмитриев и др.] |
| b |
Общее обозначение материала |
Текст |
| 210 |
Выходные данные |
__ |
| a |
Место издания |
Москва |
| c |
Издательство |
РОСМЭН |
| d |
Дата издания |
2013 |
| 215 |
Физическое описание |
__ |
| a |
Объем |
94 с. |
| c |
Иллюстрации/тип воспроизводства |
ил., цв. ил. |
| d |
Формат |
23 |
| 225 |
Серия |
__ |
| a |
Серия |
Детская энциклопедия РОСМЭН |
| 225 |
Серия |
__ |
| a |
Серия |
Лучшее - детям. Знак качества |
| 300 |
Общие примечания |
__ |
| a |
Общие примечания |
7000 экз. |
| 300 |
Общие примечания |
__ |
| a |
Общие примечания |
Авт. указан перед вып. дан. |
| 320 |
Библиография |
__ |
| a |
Библиография |
Указ.: с. 94 |
| 330 |
Аннотация |
__ |
| a |
Аннотация |
Эта книга знакомит юных читателей с удивительным миром танков. Автор рассказывает не только об их почти столетней истории и самых интересных образцах, об участии в двух мировых войнах и ряде локальных конфликтах, но и о легендарных бронированных машинах, оказавших наибольшее влияние на ударную мощь бронетанковых соединений и на развитие бронетанковой техники. Книга иллюстрирована замечательными рисунками известных художников. |
| 333 |
Примечание о целевом назначении |
__ |
| a |
Примечание о целевом назначении |
6+. Для детей старше шести лет |
| 606 |
Тематические рубрики |
__ |
| a |
Основная рубрика |
Военное дело |
| 606 |
Тематические рубрики |
__ |
| a |
Основная рубрика |
Танковые (бронетанковые) войска |
| 610 |
Ключевые слова |
__ |
| a |
Ключевые слова |
боевые машины |
| a |
Ключевые слова |
военная техника |
| a |
Ключевые слова |
детская литература |
| a |
Ключевые слова |
история военной техники |
| a |
Ключевые слова |
история танков |
| a |
Ключевые слова |
познавательная литература |
| a |
Ключевые слова |
сухопутные войска |
| a |
Ключевые слова |
танки |
| a |
Ключевые слова |
танковое вооружение |
| 686 |
Индексы других классификаций |
__ |
| 2 |
Код системы |
rubbks |
| a |
Классификационный индекс |
мл68я2 |
| 700 |
Автор |
_1 |
| a |
Фамилия |
Бакурский |
| b |
Имя |
В. А. |
| g |
Полное личное имя |
Виктор Александрович |
| 4 |
Код отношения |
070 |
| 702 |
Вторичная интеллектуальная ответственность |
_1 |
| a |
Фамилия |
Дмитриев |
| b |
Имя |
М. О. |
| 4 |
Код отношения |
Художник |
| 4 |
Код отношения |
040 |
| 702 |
Вторичная интеллектуальная ответственность |
_1 |
| a |
Фамилия |
Дзысь |
| b |
Имя |
И. А. |
| 4 |
Код отношения |
Художник |
| 4 |
Код отношения |
040 |
| 702 |
Вторичная интеллектуальная ответственность |
_1 |
| a |
Фамилия |
Жирнов |
| b |
Имя |
А. |
| 4 |
Код отношения |
Художник |
| 4 |
Код отношения |
040 |
| 702 |
Вторичная интеллектуальная ответственность |
_1 |
| a |
Фамилия |
Пархаев |
| b |
Имя |
О. К. |
| 4 |
Код отношения |
Художник |
| 4 |
Код отношения |
040 |
| 702 |
Вторичная интеллектуальная ответственность |
_1 |
| a |
Фамилия |
Шепс |
| b |
Имя |
А. С. |
| 4 |
Код отношения |
Художник |
| 4 |
Код отношения |
040 |
| 801 |
Источник записи |
_0 |
| a |
Страна |
RU |
| b |
Организация |
Муниципальное бюджетное учреждение культуры "Централизованная библиотечная система" г. Сургут (Центральная городская библиотека им. А. С. Пушкина) |
| c |
Дата составления |
20120220 |
| g |
Правила каталогизации |
КиК/Лукашук |
| 801 |
Источник записи |
_1 |
| a |
Страна |
RU |
| b |
Организация |
Муниципальное бюджетное учреждение культуры "Централизованная библиотечная система" г. Сургут (Центральная городская библиотека им. А. С. Пушкина) |
| c |
Дата составления |
20120220 |
| g |
Правила каталогизации |
КиК/Лукашук |
| 852 |
Данные о местонахождении |
__ |
| j |
Шифр хранения |
мл68я2 |
| i |
Авторский знак |
Б 19 |
| 901 |
Тип документа |
1_ |
| t |
Тип документа |
m |
| 903 |
Характеристики (МАРС) |
__ |
| a |
Дата передачи |
20140602 |
| 969 |
Тип издания |
__ |
| a |
Тип издания |
энциклопедия; издание для детей |
| 990 |
Данные о заказе (DOS) |
__ |
| j |
Количество экземпляров (DOS) |
9 |
| t |
N записи в КСУ для И/У (DOS) |
201406 |